Формулы в Microsoft Excel 2013: пер. с англ.

Bibliographic Details
Main Author: Уокенбах Дж. Джон
Summary:По статистике лишь десять процентов пользователей Excel умеют эффективно применять формулы рабочего листа. Если хотите быть среди этих десяти процентов, перед вами - книга для профессионалов. В книге рассмотрены основные инструменты Excel, такие как функции рабочего листа, именованные ячейки и диапазоны, абсолютные и относительные ссылки, диаграммы и массивы. Вы узнаете об использовании формул массивов и мегаформул, создании пользовательских функций с помощью VBA, отладке формул и других полезных приемах работы с формулами. Следуйте советам эксперта, и вы научитесь работать с Excel на совершенно другом уровне.
Language:Russian
Published: Москва, Вильямс, 2016
Subjects:
Format: Book
KOHA link:https://koha.lib.tpu.ru/cgi-bin/koha/opac-detail.pl?biblionumber=313888

MARC

LEADER 00000nam0a2200000 4500
001 313888
005 20231102002625.0
010 |a 9785845920669 
035 |a (RuTPU)RU\TPU\book\339279 
090 |a 313888 
100 |a 20160204d2016 km y0rusy50 ca 
101 1 |a rus  |c eng 
102 |a RU 
105 |a a z 001zy 
200 1 |a Формулы в Microsoft Excel 2013  |e пер. с англ.  |f Дж. Уокенбах 
210 |a Москва  |c Вильямс  |c Диалектика  |d 2016 
215 |a 716 с.  |c ил. 
320 |a Предметный указатель: с. 713-716. 
330 |a По статистике лишь десять процентов пользователей Excel умеют эффективно применять формулы рабочего листа. Если хотите быть среди этих десяти процентов, перед вами - книга для профессионалов. В книге рассмотрены основные инструменты Excel, такие как функции рабочего листа, именованные ячейки и диапазоны, абсолютные и относительные ссылки, диаграммы и массивы. Вы узнаете об использовании формул массивов и мегаформул, создании пользовательских функций с помощью VBA, отладке формул и других полезных приемах работы с формулами. Следуйте советам эксперта, и вы научитесь работать с Excel на совершенно другом уровне. 
606 1 |a Компьютерная программа Excel  |2 stltpush  |3 (RuTPU)RU\TPU\subj\70831  |9 85001 
610 1 |a электронные таблицы 
610 1 |a формулы 
610 1 |a функции 
610 1 |a финансовые формулы 
610 1 |a ввод 
610 1 |a редактирование 
610 1 |a Microsoft Excel 2013 
675 |a 004.42  |v 4 
700 1 |a Уокенбах  |b Дж.  |g Джон 
801 1 |a RU  |b 63413507  |c 20160204 
801 2 |a RU  |b 63413507  |c 20160325  |g RCR 
900 |a Программные средства математических расчетов 
900 |a Программные средства автоматизации профессиональной деятельности 
900 |a Программное обеспечение персональных ЭВМ 
942 |c BK 
959 |a 15/20160204  |d 1  |e 1764,70  |f ЧЗТЛ:1